00423nam a22001337a 4500003000500000082000800005100002600013245007700039264003500116300002500151650002400176700003100200856005800231NUST a200 aIkram Mughal, Mehwish aA Novel Approach to Breast Tumor Classification /c Mehwish Ikram Mughal aIslamabad,bSEECS NUST;c2024. a 93,p;bill;c30,cm. aMS-Computer Science aSupervisor:Dr. Arbab Latif u http://10.250.8.41:8080/xmlui/handle/123456789/43423